Länder, die größer sind als die Niederlanden - Sudden Death - Statistiken

Allgemein
  • Dieses Quiz wurde 231 mal gespielt
  • Das Durchschnittsergebnis liegt bei 4 aus 10
Answers on the Grid
Answers color-coded by a green-red scale on the quiz's grid according to % correct below.
Belgien🇧🇪
Luxemburg🇱🇺
Schweiz🇨🇭
Slowenien🇸🇮
Montenegro🇲🇪
Kosovo🇽🇰
Albanien🇦🇱
Moldau🇲🇩
Slowakei🇸🇰
Dänemark🇩🇰
Bulgarien🇧🇬
Island🇮🇸
Bosnien🇧🇦
Georgien🇬🇪
Aserbaidschan🇦🇿
Armenien🇦🇲
Irland🇮🇪
Estland🇪🇪
Israel🇮🇱
Usbekistan🇺🇿
 
Antwortstatistiken
Antwort % Korrekt
Bulgarien🇧🇬
71%
Usbekistan🇺🇿
70%
Dänemark🇩🇰
51%
Irland🇮🇪
49%
Aserbaidschan🇦🇿
44%
Island🇮🇸
40%
Bosnien🇧🇦
34%
Georgien🇬🇪
31%
Slowakei🇸🇰
28%
Estland🇪🇪
16%
Keine übereinstimmenden Quizze gefunden
Verteilung der Resultate
Anzahl Personen mit jedem Resultat
Perzentil nach korrekt beantworteten Fragen
Ihre Resultats-Entwicklung
Sie haben dieses Quiz noch nicht gespielt